000
00218nam a2200085Ia 4500
008
120527s9999 xx 000 0 und d
100
_a
Hutchinson, D
245
_a
Psychologic: How to take charge of your life
942
_c
BK
999
_c
27589
_d
27589